[Event "Mauricie op"]
[Site "Trois-Rivieres CAN"]
[Date "1999.03.19"]
[Round "1"]
[White "Fortin, Marc"]
[Black "Hebert, Jean"]
[Result "0-1"]
[WhiteElo "2075"]
[BlackElo "2479"]
[PlyCount "62"]
[GameId "2160767911805350"]
[EventDate "1999.03.19"]
[EventType "swiss"]
[EventRounds "5"]
[EventCountry "CAN"]

1. e4 e6 2. d4 d5 3. Nd2 Nf6 4. e5 Nfd7 5. Bd3 c5 6. c3 Nc6 7. Ne2 cxd4 8. cxd4 f6 9. exf6 Qxf6 10. Nf3 Bd6 11. Bg5 Qf7 12. O-O O-O 13. Bh4 g6 14. Ng5 Qe8 15. Re1 Nf6 16. Bg3 Bb4 17. Rf1 Qe7 18. Bb5 Nh5 19. Nf3 Bd7 20. a3 Nxg3 21. hxg3 Bd6 22. Re1 Rf5 23. Nc3 Raf8 24. Bd3 Rxf3 25. gxf3 Nxd4 26. Be2 Qf6 27. f4 Bxf4 28. Qd3 Bc7 29. f4 g5 30. Rad1 gxf4 31. Qxd4 Bb6 0-1

[Event "Mauricie op"]
[Site "Trois-Rivieres CAN"]
[Date "1999.03.19"]
[Round "1"]
[White "Therrien, Michel"]
[Black "Goldenberg, Danny"]
[Result "0-1"]
[WhiteElo "2022"]
[BlackElo "2284"]
[PlyCount "48"]
[GameId "2160767911805352"]
[EventDate "1999.03.19"]
[EventType "swiss"]
[EventRounds "5"]
[EventCountry "CAN"]

1. Nf3 g6 2. g3 Bg7 3. Bg2 e5 4. d3 d6 5. O-O f5 6. c4 Nf6 7. Nc3 O-O 8. Rb1 a5 9. a3 Nc6 10. b4 axb4 11. axb4 Nd4 12. Nxd4 exd4 13. Nb5 Ng4 14. h3 c6 15. hxg4 cxb5 16. Bd5+ Kh8 17. g5 f4 18. Bxf4 bxc4 19. dxc4 Bf5 20. Rc1 Qe7 21. c5 dxc5 22. Rxc5 Rac8 23. Rb5 Qd7 24. Qa4 Ra8 0-1

[Event "Mauricie op"]
[Site "Trois-Rivieres CAN"]
[Date "1999.03.20"]
[Round "2"]
[White "Auger, Bertrand"]
[Black "Therrien, Michel"]
[Result "0-1"]
[WhiteElo "2104"]
[BlackElo "2022"]
[PlyCount "56"]
[GameId "2160767911805353"]
[EventDate "1999.03.19"]
[EventType "swiss"]
[EventRounds "5"]
[EventCountry "CAN"]

1. Nf3 g6 2. g3 Bg7 3. d4 f5 4. Bg2 Nf6 5. O-O O-O 6. c4 d6 7. Nc3 Nc6 8. d5 Ne5 9. Nxe5 dxe5 10. e4 f4 11. gxf4 Nh5 12. f5 Bd7 13. Bf3 Nf4 14. Kh1 gxf5 15. Rg1 Nh3 16. Rg2 f4 17. b3 Kh8 18. Bb2 Bf6 19. Qe2 Rg8 20. Rd1 Qe8 21. Bh5 Rxg2 22. Bxe8 Rxf2 23. Bxd7 Rxe2 24. Nxe2 Nf2+ 25. Kg2 Nxd1 26. Ba1 Rg8+ 27. Kf3 Ne3 28. c5 Nf1 0-1

[Event "Mauricie op"]
[Site "Trois-Rivieres CAN"]
[Date "1999.03.20"]
[Round "2"]
[White "Gladu, Pierre"]
[Black "Khassanov, Marat"]
[Result "1/2-1/2"]
[WhiteElo "2143"]
[BlackElo "2436"]
[PlyCount "81"]
[GameId "2160767911805355"]
[EventDate "1999.03.19"]
[EventType "swiss"]
[EventRounds "5"]
[EventCountry "CAN"]

1. e4 c5 2. Nf3 Nc6 3. d4 cxd4 4. Nxd4 Nf6 5. Nc3 d6 6. Bg5 e6 7. Qd2 Be7 8. O-O-O Bd7 9. Ndb5 O-O 10. Nxd6 Rb8 11. f4 e5 12. Nc4 Bg4 13. Qxd8 Bxd8 14. Re1 b5 15. Nxe5 Nxe5 16. fxe5 b4 17. exf6 bxc3 18. b3 Re8 19. Bd3 gxf6 20. Bh6 Bc7 21. Rhf1 Be5 22. h3 Be6 23. Re3 a5 24. Bf4 Rec8 25. Bxe5 fxe5 26. Rff3 Rc5 27. Bc4 Bxc4 28. Rxc3 Rbc8 29. bxc4 Rxc4 30. Rxc4 Rxc4 31. Re3 h5 32. c3 Kg7 33. Kc2 h4 34. g3 hxg3 35. Rxg3+ Kf6 36. Kd3 Rc8 37. c4 Rd8+ 38. Kc3 Rd4 39. Rg4 Ke6 40. h4 Rd1 41. Kb3 1/2-1/2

[Event "Mauricie op"]
[Site "Trois-Rivieres CAN"]
[Date "1999.03.20"]
[Round "2"]
[White "Goldenberg, Danny"]
[Black "Filiatrault, Alexandre"]
[Result "1-0"]
[WhiteElo "2284"]
[BlackElo "1811"]
[PlyCount "75"]
[GameId "2160767911805356"]
[EventDate "1999.03.19"]
[EventType "swiss"]
[EventRounds "5"]
[EventCountry "CAN"]

1. e4 c5 2. Nf3 Nc6 3. d4 cxd4 4. Nxd4 e5 5. Nb5 d6 6. N1c3 a6 7. Na3 b5 8. Nd5 Nge7 9. Bg5 h6 10. Bxb5 axb5 11. Nxb5 Ra7 12. Nxa7 Qa5+ 13. c3 Qxa7 14. Be3 Qb7 15. Nb6 Ng6 16. Nxc8 Qxc8 17. O-O Be7 18. Qd2 O-O 19. b4 f5 20. exf5 Rxf5 21. a4 Nf4 22. f3 Bg5 23. a5 Qa6 24. g3 Nh3+ 25. Kg2 Bxe3 26. Qxe3 Ng5 27. h4 Ne6 28. Qe4 Rf6 29. Rab1 Nc7 30. c4 Nd4 31. b5 Qxa5 32. b6 Na6 33. Ra1 Qxb6 34. Qa8+ Kh7 35. Rxa6 Qb3 36. Qe4+ Kg8 37. Ra8+ Kf7 38. Ra7+ 1-0

[Event "Mauricie op"]
[Site "Trois-Rivieres CAN"]
[Date "1999.03.20"]
[Round "2"]
[White "Hebert, Jean"]
[Black "Hua, Lefong"]
[Result "1/2-1/2"]
[WhiteElo "2479"]
[BlackElo "2271"]
[PlyCount "150"]
[GameId "2160767911805357"]
[EventDate "1999.03.19"]
[EventType "swiss"]
[EventRounds "5"]
[EventCountry "CAN"]

1. d4 d5 2. c4 e6 3. Nc3 c5 4. e3 Nf6 5. Nf3 Nc6 6. cxd5 exd5 7. Be2 a6 8. O-O cxd4 9. Nxd4 Bc5 10. Nxc6 bxc6 11. b3 O-O 12. Bb2 Bd6 13. Rc1 Qe7 14. Bf3 Rb8 15. Na4 Bd7 16. Bd4 Ne4 17. Bxe4 Qxe4 18. Bc5 Qe5 19. Bxd6 Qxd6 20. Qd2 Rfe8 21. Nc5 Bc8 22. a3 Qg6 23. f3 h5 24. Qd4 Qg5 25. Rc3 a5 26. Kf2 Bf5 27. Rd1 Re7 28. h4 Qh6 29. g3 Rbe8 30. Rd2 Kh7 31. Rb2 g5 32. hxg5 Qxg5 33. Rd2 Rg8 34. Qf4 Qxf4 35. exf4 f6 36. Rc1 Rge8 37. Rg1 Kg7 38. Rc1 Rb8 39. Rc3 Kf7 40. Rc1 Rb5 41. a4 Rb4 42. Rh1 Bg6 43. f5 Bxf5 44. Rxh5 Bg6 45. Rh4 Rb8 46. Rb2 Rd8 47. Rd2 Rb8 48. Rh1 Rbe8 49. g4 Kg7 50. Rc1 Rh8 51. Kg3 f5 52. g5 Rh5 53. Nd3 Rxg5+ 54. Kf4 Rh5 55. Rxc6 Rh4+ 56. Kg3 Rh1 57. Nf4 Bf7 58. Nxd5 Rd7 59. Rc5 Rb1 60. Kf4 Rxd5 61. Rcxd5 Bxd5 62. Rxd5 Rxb3 63. Rxa5 Ra3 64. Ra7+ Kf6 65. Ra6+ Ke7 66. a5 Kf7 67. Ra8 Ke7 68. a6 Kf6 69. a7 Ra4+ 70. Ke3 f4+ 71. Kd3 Kg7 72. Kc3 Ra1 73. Kd4 Ra5 74. Kc4 Ra1 75. Kd5 Ra5+ 1/2-1/2

[Event "Mauricie op"]
[Site "Trois-Rivieres CAN"]
[Date "1999.03.20"]
[Round "3"]
[White "Fortier, Marc-Andre"]
[Black "Tisseur, Daniel"]
[Result "1-0"]
[WhiteElo "2108"]
[BlackElo "1982"]
[PlyCount "139"]
[GameId "2160767911805358"]
[EventDate "1999.03.19"]
[EventType "swiss"]
[EventRounds "5"]
[EventCountry "CAN"]

1. e4 c5 2. Nc3 Nc6 3. g3 g6 4. Bg2 Bg7 5. d3 Rb8 6. f4 e6 7. Nf3 d6 8. O-O Nge7 9. Ne2 O-O 10. c3 b5 11. a3 a5 12. Qc2 b4 13. axb4 axb4 14. Be3 f5 15. Rfd1 Qc7 16. h3 fxe4 17. dxe4 Na5 18. e5 dxe5 19. cxb4 Nd5 20. Qxc5 Nb3 21. Qxc7 Nxc7 22. Ra3 exf4 23. Bxf4 e5 24. Nxe5 Rxb4 25. Nc6 Bxb2 26. Nxb4 Bxa3 27. Bxc7 Bxb4 28. Bd5+ Kg7 29. Be5+ Kh6 30. Bxb3 Bxh3 31. Nf4 Bg4 32. Ne6 Rf5 33. Bg7+ Kh5 34. Rd5 Bf3 35. Rxf5+ gxf5 36. Kf2 Bb7 37. Be5 Be4 38. Bd1+ Kg6 39. Nf4+ Kg5 40. Ne6+ Kg6 41. Be2 Ba5 42. Bd4 Bd2 43. Nf8+ Kf7 44. Nxh7 Bh6 45. Bh5+ Ke6 46. Bg6 Bb7 47. Be3 Bg7 48. Ng5+ Kf6 49. Bh5 Ke7 50. Nh3 Ba1 51. Be2 Bb2 52. Bd3 Kf6 53. Ng1 Ba3 54. Ne2 Bf8 55. Bd4+ Kg5 56. Nf4 Bc8 57. Nd5 Bb7 58. Be3+ Kg6 59. Nf4+ Kf7 60. Bxf5 Kf6 61. Bd3 Ba3 62. g4 Kg5 63. Bf5 Ba6 64. Ne6+ Kf6 65. Bd4+ Kf7 66. g5 Kg8 67. Nf4 Bc1 68. Be6+ Kf8 69. g6 Bxf4 70. g7+ 1-0

[Event "Mauricie op"]
[Site "Trois-Rivieres CAN"]
[Date "1999.03.20"]
[Round "3"]
[White "Lemieux, Pierre"]
[Black "Duong, Thanh Nha"]
[Result "0-1"]
[WhiteElo "1873"]
[BlackElo "2408"]
[PlyCount "82"]
[GameId "2160767911805360"]
[EventDate "1999.03.19"]
[EventType "swiss"]
[EventRounds "5"]
[EventCountry "CAN"]

1. d4 Nf6 2. Nf3 c5 3. c3 b6 4. Bf4 Bb7 5. Nbd2 g6 6. e3 Bg7 7. h3 O-O 8. Bc4 d5 9. Be2 Nc6 10. O-O Rc8 11. Ne5 e6 12. Nxc6 Bxc6 13. Ba6 Ra8 14. a4 Qe7 15. Qe2 Nd7 16. Nf3 f6 17. Bb5 Bb7 18. Ba6 Bxa6 19. Qxa6 e5 20. dxe5 fxe5 21. Bg3 e4 22. Nd2 Be5 23. Qb7 Qd6 24. Bxe5 Nxe5 25. c4 Nc6 26. cxd5 Qxd5 27. Rad1 Rad8 28. Qa6 Rf7 29. b3 Rfd7 30. Qe2 Qd3 31. Qg4 Re7 32. Qg5 Qc2 33. Qf6 Rc7 34. Qe6+ Kg7 35. Nxe4 Rxd1 36. Qf6+ Kg8 37. Qe6+ Rf7 38. Nf6+ Kg7 39. Ne8+ Kf8 40. Rxd1 Qxd1+ 41. Kh2 Qd7 0-1

[Event "Mauricie op"]
[Site "Trois-Rivieres CAN"]
[Date "1999.03.20"]
[Round "3"]
[White "Morin, Yves"]
[Black "Schleifer, Michael"]
[Result "0-1"]
[WhiteElo "2291"]
[BlackElo "2417"]
[PlyCount "60"]
[GameId "2160767911805361"]
[EventDate "1999.03.19"]
[EventType "swiss"]
[EventRounds "5"]
[EventCountry "CAN"]

1. e4 c5 2. Bc4 e6 3. Qe2 a6 4. d3 Nc6 5. Nf3 b5 6. Bb3 d6 7. c3 Be7 8. O-O Nf6 9. Rd1 d5 10. e5 Nd7 11. d4 c4 12. Bc2 b4 13. Bd2 a5 14. b3 Nb6 15. bxc4 Nxc4 16. Bc1 a4 17. Nbd2 Nb6 18. c4 dxc4 19. Nxc4 Nd5 20. Bd2 O-O 21. Qe4 g6 22. Ne3 Nxe3 23. Bxe3 Bb7 24. d5 exd5 25. Rxd5 Qc8 26. Qf4 b3 27. Be4 Nb4 28. Qh6 Nxd5 29. Ng5 Bxg5 30. Bxg5 Qc3 0-1

[Event "Mauricie op"]
[Site "Trois-Rivieres CAN"]
[Date "1999.03.20"]
[Round "3"]
[White "Moss, Laurent"]
[Black "Wenaas, Eric"]
[Result "0-1"]
[WhiteElo "1916"]
[BlackElo "2216"]
[PlyCount "34"]
[GameId "2160767911805362"]
[EventDate "1999.03.19"]
[EventType "swiss"]
[EventRounds "5"]
[EventCountry "CAN"]

1. d4 d5 2. Nf3 Nf6 3. Bg5 e6 4. e3 Nbd7 5. Bd3 c5 6. c3 Be7 7. Nbd2 Qc7 8. Ne5 cxd4 9. cxd4 Nxe5 10. dxe5 Nd7 11. Bxe7 Nxe5 12. Ba3 Nxd3+ 13. Ke2 Bd7 14. Qb3 Nc5 15. Qc3 Na6 16. Qxg7 O-O-O 17. Qxf7 Bb5+ 0-1

[Event "Mauricie op"]
[Site "Trois-Rivieres CAN"]
[Date "1999.03.21"]
[Round "4"]
[White "Auger, Bertrand"]
[Black "Fortin, Marc"]
[Result "1-0"]
[WhiteElo "2104"]
[BlackElo "2075"]
[PlyCount "49"]
[GameId "2160767911805364"]
[EventDate "1999.03.19"]
[EventType "swiss"]
[EventRounds "5"]
[EventCountry "CAN"]

1. Nf3 d5 2. c4 e6 3. g3 Nf6 4. Bg2 b6 5. O-O Bb7 6. Qa4+ Qd7 7. Qc2 c5 8. Ne5 Qc7 9. d4 cxd4 10. Qa4+ Nbd7 11. cxd5 Bxd5 12. Bf4 Bd6 13. Rc1 Qb7 14. Bxd5 Nxd5 15. Nxd7 Qxd7 16. Qxd4 Bxf4 17. gxf4 Nf6 18. Qb4 Nd5 19. Qa3 Nxf4 20. Qf3 Nd5 21. Rd1 Qc6 22. Nc3 Ne7 23. Ne4 O-O 24. Rac1 Qb7 25. Nf6+ 1-0

[Event "Mauricie op"]
[Site "Trois-Rivieres CAN"]
[Date "1999.03.21"]
[Round "4"]
[White "Duong, Thanh Nha"]
[Black "Leriche, Felix"]
[Result "1-0"]
[WhiteElo "2408"]
[BlackElo "2177"]
[PlyCount "71"]
[GameId "2160767911805365"]
[EventDate "1999.03.19"]
[EventType "swiss"]
[EventRounds "5"]
[EventCountry "CAN"]

1. d4 d5 2. Nf3 c6 3. c4 e6 4. Qc2 Nd7 5. Bf4 Ngf6 6. e3 Be7 7. Bd3 O-O 8. h3 Re8 9. O-O Nf8 10. Ne5 Bd7 11. Nd2 Rc8 12. c5 Ra8 13. Ndf3 Ng6 14. Nxg6 hxg6 15. Ne5 Rf8 16. Bh2 a5 17. g4 Ra7 18. g5 Ne8 19. h4 Nc7 20. f4 Na6 21. Qe2 Nb4 22. Bb1 b6 23. a3 Na6 24. cxb6 Qxb6 25. h5 Bd6 26. hxg6 Bxe5 27. Qh5 fxg6 28. Bxg6 Rf5 29. fxe5 Qb3 30. Bf4 Nc7 31. Rf2 Qd3 32. Raf1 Ra8 33. Rh2 Kf8 34. Qh8+ Ke7 35. Qxg7+ Kd8 36. Rh7 1-0

[Event "Mauricie op"]
[Site "Trois-Rivieres CAN"]
[Date "1999.03.21"]
[Round "4"]
[White "Wenaas, Eric"]
[Black "St Amand, Paul Jr"]
[Result "1/2-1/2"]
[WhiteElo "2216"]
[BlackElo "2093"]
[PlyCount "47"]
[GameId "2160767911805369"]
[EventDate "1999.03.19"]
[EventType "swiss"]
[EventRounds "5"]
[EventCountry "CAN"]

1. Nf3 c5 2. c4 Nc6 3. Nc3 Nf6 4. g3 e6 5. Bg2 d5 6. cxd5 Nxd5 7. O-O Be7 8. d4 O-O 9. e4 Nxc3 10. bxc3 b6 11. d5 Na5 12. Bf4 exd5 13. exd5 Ba6 14. Re1 Bd6 15. Bxd6 Qxd6 16. Ne5 Rfe8 17. Nc6 Rxe1+ 18. Qxe1 Nxc6 19. dxc6 Rd8 20. Bf3 Kf8 21. Rd1 Qe7 22. Rxd8+ Qxd8 23. Qe5 Qd3 24. Qb8+ 1/2-1/2

[Event "Mauricie op"]
[Site "Trois-Rivieres CAN"]
[Date "1999.03.21"]
[Round "5"]
[White "Bouchard, Jean-Marc"]
[Black "Goldenberg, Danny"]
[Result "0-1"]
[WhiteElo "2035"]
[BlackElo "2284"]
[PlyCount "74"]
[GameId "2160767911805370"]
[EventDate "1999.03.19"]
[EventType "swiss"]
[EventRounds "5"]
[EventCountry "CAN"]

1. b3 e5 2. Bb2 d6 3. e3 Nf6 4. Ne2 Be7 5. d4 e4 6. d5 Bg4 7. c4 Nbd7 8. h3 Nc5 9. hxg4 Nd3+ 10. Kd2 Nxb2 11. Qc2 Nd3 12. f3 Ne5 13. Nd4 exf3 14. gxf3 c5 15. dxc6 Nxc6 16. Nc3 Nxd4 17. exd4 g6 18. Re1 O-O 19. Kd1 d5 20. g5 Nh5 21. Rxh5 gxh5 22. Nxd5 Bxg5 23. Bd3 Kh8 24. Qh2 h4 25. Qe5+ f6 26. Qf5 Rf7 27. f4 Qc8 28. Re6 Bh6 29. Nxf6 h3 30. Qe5 Bxf4 31. Qd5 Rxf6 32. Rxf6 Qg4+ 33. Be2 Qg1+ 34. Kc2 Qc1+ 35. Kd3 Qe3+ 36. Kc2 Qd2+ 37. Kb1 Qc1# 0-1

[Event "Mauricie op"]
[Site "Trois-Rivieres CAN"]
[Date "1999.03.21"]
[Round "5"]
[White "Duong, Thanh Nha"]
[Black "Soudre, Nicolas"]
[Result "1-0"]
[WhiteElo "2408"]
[BlackElo "2147"]
[PlyCount "89"]
[GameId "2160767911805372"]
[EventDate "1999.03.19"]
[EventType "swiss"]
[EventRounds "5"]
[EventCountry "CAN"]

1. d4 e6 2. c4 Nf6 3. Nf3 b6 4. Nc3 Bb7 5. Bg5 Bb4 6. e3 O-O 7. Bd3 d5 8. cxd5 exd5 9. Ne5 Be7 10. O-O Nbd7 11. f4 Ne4 12. Bxe7 Qxe7 13. Bxe4 dxe4 14. Nxd7 Qxd7 15. f5 f6 16. Rf4 Rfe8 17. Qc2 Re7 18. Rd1 Bd5 19. g4 Rae8 20. Qg2 Rf8 21. Kh1 h6 22. h4 Kf7 23. Kg1 Ke8 24. Rf2 Kd8 25. Ne2 Rfe8 26. Nf4 Kc8 27. Rc2 Kb8 28. b4 Qd6 29. Qe2 Bb7 30. Qc4 Rc8 31. Rdc1 Rd8 32. b5 Bd5 33. Qa4 Qd7 34. Qb4 Rf7 35. Rc3 Qc8 36. a4 Qb7 37. a5 Rfd7 38. Ne6 Bxe6 39. fxe6 bxa5 40. Qxa5 Re7 41. Rc6 Rd5 42. Qb4 Re8 43. Rxc7 Qxb5 44. Qc3 Qa6 45. e7 1-0

[Event "Mauricie op"]
[Site "Trois-Rivieres CAN"]
[Date "1999.03.21"]
[Round "5"]
[White "Gladu, Pierre"]
[Black "Auger, Bertrand"]
[Result "1-0"]
[WhiteElo "2143"]
[BlackElo "2104"]
[PlyCount "59"]
[GameId "2160767911805373"]
[EventDate "1999.03.19"]
[EventType "swiss"]
[EventRounds "5"]
[EventCountry "CAN"]

1. e4 e6 2. d4 d5 3. Nc3 dxe4 4. Nxe4 Nf6 5. Nxf6+ gxf6 6. Be3 Nc6 7. c3 Ne7 8. Qh5 h6 9. O-O-O Qd5 10. Qxd5 Nxd5 11. Bd2 e5 12. Re1 Bf5 13. f4 O-O-O 14. fxe5 c5 15. Nf3 Kb8 16. a3 Rc8 17. Bc4 Be6 18. exf6 cxd4 19. Bxd5 Bxd5 20. Bf4+ Ka8 21. Nxd4 Bc5 22. Nf3 Rhg8 23. Bg3 a5 24. Re5 Bb3 25. Nd4 Bxd4 26. Rxa5+ Ba7 27. Bf2 b6 28. Bxb6 Kb7 29. Bxa7 Bc4 30. Re1 1-0

[Event "Mauricie op"]
[Site "Trois-Rivieres CAN"]
[Date "1999.03.21"]
[Round "5"]
[White "Gladu, Pierre"]
[Black "Bouchard, Jean-Marc"]
[Result "0-1"]
[WhiteElo "2143"]
[BlackElo "2035"]
[PlyCount "96"]
[GameId "2160767911805374"]
[EventDate "1999.03.19"]
[EventType "swiss"]
[EventRounds "5"]
[EventCountry "CAN"]

1. e4 c6 2. d4 d5 3. Nd2 dxe4 4. Nxe4 Nd7 5. Ng5 Ndf6 6. Bc4 Nd5 7. N1f3 f6 8. Ne4 Bg4 9. h3 Bxf3 10. Qxf3 e6 11. O-O Qd7 12. Bb3 O-O-O 13. c4 Nc7 14. Rd1 f5 15. Nc3 Nf6 16. Bf4 Bd6 17. Be5 Rhf8 18. Rac1 g5 19. Bxd6 Qxd6 20. d5 g4 21. Qe3 Kb8 22. c5 Qd7 23. dxc6 Qxc6 24. Ba4 Rxd1+ 25. Rxd1 Nfd5 26. Qd4 Qa6 27. b4 gxh3 28. Qg7 Rd8 29. b5 Qa5 30. b6 axb6 31. cxb6 Qxb6 32. gxh3 Qb2 33. Qg5 Rh8 34. Nxd5 Nxd5 35. Bb3 Qe5 36. Bxd5 exd5 37. Qd2 Rd8 38. Qd4 Qxd4 39. Rxd4 Kc7 40. Kf1 Kd6 41. Ke2 Re8+ 42. Kd2 Re4 43. Rd3 b5 44. Rg3 Rb4 45. Kc2 Rf4 46. f3 h5 47. Rg5 h4 48. Rh5 Ke5 0-1

[Event "Mauricie op"]
[Site "Trois-Rivieres CAN"]
[Date "1999.03.21"]
[Round "5"]
[White "Hudon, Paul"]
[Black "Mahabir, Hugh"]
[Result "1-0"]
[WhiteElo "1997"]
[BlackElo "2055"]
[PlyCount "51"]
[GameId "2160767911805375"]
[EventDate "1999.03.19"]
[EventType "swiss"]
[EventRounds "5"]
[EventCountry "CAN"]

1. e4 d5 2. exd5 Nf6 3. d4 Nxd5 4. c4 Nb4 5. Qa4+ N8c6 6. a3 Na6 7. d5 Nc5 8. Qb5 b6 9. Bf4 Bd7 10. dxc6 Bg4 11. Nc3 a6 12. Nd5 e5 13. Bxe5 axb5 14. Nxc7+ Ke7 15. Nd5+ Ke6 16. h3 Kxe5 17. hxg4 bxc4 18. Bxc4 b5 19. Rh5+ Kd4 20. c7 Qe8+ 21. Be2 Nd3+ 22. Kd2 Nxb2 23. Nf3+ Ke4 24. Nc3+ Kf4 25. g3+ Kxg4 26. Ne5# 1-0

[Event "Mauricie op"]
[Site "Trois-Rivieres CAN"]
[Date "1999.03.21"]
[Round "5"]
[White "Marineau, Remi"]
[Black "Wenaas, Eric"]
[Result "1/2-1/2"]
[WhiteElo "1966"]
[BlackElo "2216"]
[PlyCount "72"]
[GameId "2160767911805376"]
[EventDate "1999.03.19"]
[EventType "swiss"]
[EventRounds "5"]
[EventCountry "CAN"]

1. c4 Nf6 2. Nc3 e6 3. e4 d5 4. e5 Ne4 5. cxd5 exd5 6. Nxe4 dxe4 7. Qa4+ Nc6 8. Qxe4 Qd4 9. Qxd4 Nxd4 10. Bd3 Be6 11. Ne2 O-O-O 12. Nxd4 Rxd4 13. Bb1 Bc5 14. a3 Rhd8 15. d3 R4d5 16. f4 Bf5 17. b4 Bb6 18. Ra2 Bxd3 19. Bxd3 Rxd3 20. Rd2 Rxd2 21. Bxd2 Rd3 22. Bc1 a5 23. Ke2 Rb3 24. bxa5 Bxa5 25. Rd1 g6 26. Rd3 Rxd3 27. Kxd3 Kd7 28. g4 Ke6 29. Ke4 Bc3 30. f5+ gxf5+ 31. gxf5+ Ke7 32. a4 c6 33. Be3 b5 34. axb5 cxb5 35. Bd4 Bd2 36. Kd5 Kd7 1/2-1/2

[Event "Mauricie op"]
[Site "Trois-Rivieres CAN"]
[Date "1999.03.21"]
[Round "5"]
[White "Therrien, Michel"]
[Black "Hua, Lefong"]
[Result "1/2-1/2"]
[WhiteElo "2022"]
[BlackElo "2271"]
[PlyCount "56"]
[GameId "2160767911805377"]
[EventDate "1999.03.19"]
[EventType "swiss"]
[EventRounds "5"]
[EventCountry "CAN"]

1. Nf3 c5 2. g3 Nc6 3. Bg2 g6 4. O-O Bg7 5. c4 d6 6. Nc3 Nf6 7. d4 cxd4 8. Nxd4 Nxd4 9. Qxd4 O-O 10. Qd3 Nd7 11. b3 Nc5 12. Qd2 Rb8 13. Bb2 a6 14. Rfd1 Be6 15. Nd5 Bxb2 16. Qxb2 Bxd5 17. Rxd5 Qc7 18. Qc2 Nd7 19. Qd2 Rfc8 20. Bh3 Rd8 21. Bxd7 Rxd7 22. c5 Rbd8 23. Rd1 b6 24. cxb6 Qxb6 25. Rd3 Rc7 26. Rc3 Rdc8 27. Rdc1 Rxc3 28. Rxc3 Rxc3 1/2-1/2

[Event "Mauricie op U2000"]
[Site "Trois-Rivieres CAN"]
[Date "1999.03.19"]
[Round "1"]
[White "Lemieux, Pierre"]
[Black "Pichette, Mickaelin"]
[Result "0-1"]
[WhiteElo "1916"]
[BlackElo "1822"]
[PlyCount "72"]
[GameId "2160767911805378"]
[EventDate "1999.03.19"]
[EventType "swiss"]
[EventRounds "5"]
[EventCountry "CAN"]
[SourceTitle "Echec+ 1999.07"]

1. d4 Nf6 2. Nf3 d5 3. Bf4 g6 4. h3 Bg7 5. e3 c5 6. c3 Nc6 7. Nbd2 O-O 8. Bd3 cxd4 9. exd4 Nh5 10. Bh2 e5 11. dxe5 Nxe5 12. Nxe5 Re8 13. O-O Bxe5 14. Bxe5 Rxe5 15. Nf3 Re6 16. Qd2 Rf6 17. Nd4 Nf4 18. Bc2 Qc7 19. Qe3 Bd7 20. Qe7 Kg7 21. Ba4 Rd8 22. Rad1 a6 23. Bxd7 Rxd7 24. Qe3 Re7 25. Qg3 Qb6 26. Rd2 h6 27. Qg4 Re5 28. h4 Qd8 29. g3 Nh5 30. Re2 Rxe2 31. Qxe2 Qd7 32. Kg2 Kh7 33. Re1 Rf4 34. Qe7 Qg4 35. Qe2 Rxd4 36. cxd4 Nf4+ 0-1

[Event "Mauricie op U2000"]
[Site "Trois-Rivieres CAN"]
[Date "1999.03.19"]
[Round "1"]
[White "Marcone, Malcom"]
[Black "Lacroix, Serge"]
[Result "1-0"]
[WhiteElo "1804"]
[BlackElo "2023"]
[PlyCount "75"]
[GameId "2160767911805379"]
[EventDate "1999.03.19"]
[EventType "swiss"]
[EventRounds "5"]
[EventCountry "CAN"]
[SourceTitle "Lacroix"]

1. e4 e5 2. Nf3 Nc6 3. Bb5 a6 4. Ba4 Nf6 5. O-O Be7 6. Re1 b5 7. Bb3 d6 8. c3 O-O 9. h3 Nd7 10. d4 Nb6 11. Nbd2 exd4 12. cxd4 d5 13. exd5 Nxd5 14. Ne4 Bf5 15. Ng3 Bg6 16. h4 h6 17. h5 Bh7 18. Bc2 Bxc2 19. Qxc2 Qd7 20. Ne5 Nxe5 21. dxe5 Rad8 22. Bd2 Bb4 23. Bxb4 Nxb4 24. Qe4 Qd4 25. Qe2 Qf4 26. Rad1 Rfe8 27. Rxd8 Rxd8 28. e6 fxe6 29. Qxe6+ Qf7 30. Qg4 Nd3 31. Nf5 Kh8 32. Re7 Qf6 33. Rxg7 Rf8 34. Rg6 Qxf5 35. Rxh6+ Qh7 36. Rxh7+ Kxh7 37. Qg6+ Kh8 38. Qxd3 1-0

[Event "Mauricie op U2000"]
[Site "Trois-Rivieres CAN"]
[Date "1999.03.20"]
[Round "2"]
[White "Lacroix, Serge"]
[Black "Masse, Hugues"]
[Result "1-0"]
[WhiteElo "2023"]
[BlackElo "1764"]
[PlyCount "87"]
[GameId "2160767911805380"]
[EventDate "1999.03.19"]
[EventType "swiss"]
[EventRounds "5"]
[EventCountry "CAN"]
[SourceTitle "Lacroix"]

1. e4 e5 2. Nf3 Nc6 3. Bb5 a6 4. Ba4 Nf6 5. O-O Nxe4 6. d4 b5 7. Bb3 d5 8. dxe5 Be6 9. c3 Be7 10. Nbd2 O-O 11. Re1 Nc5 12. Nd4 Qd7 13. N2f3 Nxb3 14. Nxb3 f6 15. exf6 Rxf6 16. Bg5 Rg6 17. Bxe7 Qxe7 18. Nbd4 Nxd4 19. cxd4 c5 20. dxc5 Qxc5 21. Rc1 Qb4 22. Qd4 Qxd4 23. Nxd4 Bh3 24. g3 Rf8 25. Rc7 Rgf6 26. Ree7 R6f7 27. f4 Rxe7 28. Rxe7 Rc8 29. Kf2 Rc1 30. Re1 Rxe1 31. Kxe1 Kf7 32. Kd2 Ke7 33. Ke3 Kd6 34. b4 g6 35. Nf3 Bf1 36. Kd4 Be2 37. Ng5 h5 38. a3 Bf1 39. Nf7+ Ke6 40. Ng5+ Kf5 41. Kxd5 h4 42. Kd6 hxg3 43. hxg3 Be2 44. Kc6 1-0

[Event "Mauricie op U2000"]
[Site "Trois-Rivieres CAN"]
[Date "1999.03.20"]
[Round "3"]
[White "Gauthier, Denis"]
[Black "Pichette, Mickaelin"]
[Result "1-0"]
[WhiteElo "1941"]
[BlackElo "1822"]
[PlyCount "43"]
[GameId "2160767911805381"]
[EventDate "1999.03.19"]
[EventType "swiss"]
[EventRounds "5"]
[EventCountry "CAN"]

1. Nf3 Nf6 2. b3 c5 3. Bb2 d5 4. e3 Qb6 5. c4 Bg4 6. Be2 Bxf3 7. Bxf3 dxc4 8. Na3 cxb3 9. Nc4 Qc7 10. Be5 Qd7 11. axb3 Nd5 12. O-O b5 13. Nb6 Nxb6 14. Bxa8 Nxa8 15. Bxb8 Qb7 16. Bxa7 e5 17. d4 c4 18. bxc4 bxc4 19. Qa4+ Qd7 20. Qxc4 Be7 21. Bc5 Qc8 22. Qa4+ 1-0

[Event "Mauricie op U2000"]
[Site "Trois-Rivieres CAN"]
[Date "1999.03.20"]
[Round "3"]
[White "Loranger, Stephane"]
[Black "Lacroix, Serge"]
[Result "0-1"]
[WhiteElo "1810"]
[BlackElo "2023"]
[PlyCount "94"]
[GameId "2160767911805382"]
[EventDate "1999.03.19"]
[EventType "swiss"]
[EventRounds "5"]
[EventCountry "CAN"]
[SourceTitle "Lacroix"]

1. e4 e5 2. Nf3 Nc6 3. Bb5 a6 4. Ba4 Nf6 5. O-O Be7 6. Re1 b5 7. Bb3 d6 8. c3 O-O 9. h3 Nd7 10. Bc2 Nb6 11. d4 exd4 12. e5 Nxe5 13. Nxe5 dxe5 14. cxd4 exd4 15. Qf3 Be6 16. Bf4 Nd5 17. Be5 g6 18. Nd2 Bf6 19. Rad1 Bxe5 20. Rxe5 Qd6 21. Rde1 Ne3 22. R5xe3 dxe3 23. Qxe3 Bd5 24. Be4 Rfe8 25. Qf3 c6 26. Re3 f5 27. Bxd5+ Qxd5 28. Qe2 Kf8 29. Nf3 Rxe3 30. Qxe3 Re8 31. Qa3+ Re7 32. Qxa6 h6 33. Qa3 Kf7 34. Qc3 Qd1+ 35. Kh2 Qd6+ 36. Kg1 Qf6 37. Qb3+ Kg7 38. a3 g5 39. Qc2 g4 40. Nh2 Re1+ 41. Nf1 gxh3 42. Qd3 hxg2 43. Kxg2 f4 44. Qh3 h5 45. b4 Kh6 46. Nh2 Qg6+ 47. Kf3 Qe4# 0-1